Integral equations and operator theory (Record no. 12592)
[ view plain ]
| 000 -LEADER | |
|---|---|
| fixed length control field | 00410nas a2200157I 4500 |
| 022 ## - INTERNATIONAL STANDARD SERIAL NUMBER | |
| ISSN | 0378-620x |
| 040 ## - CATALOGING SOURCE | |
| Transcribing agency | GUA |
| 082 ## - DEWEY DECIMAL CLASSIFICATION NUMBER | |
| Classification number | 510 BIR 1985 A034 Or. |
| 245 00 - TITLE STATEMENT | |
| Title | Integral equations and operator theory |
| 260 00 - PUBLICATION, DISTRIBUTION, ETC. (IMPRINT) | |
| Place of publication | Basel, |
| Name of publisher | Birkh©Þuser |
| 300 ## - PHYSICAL DESCRIPTION | |
| Number of Pages | v. |
| Dimensions | 24 cm |
| 650 #0 - SUBJECT ADDED ENTRY--TOPICAL TERM | |
| Topical Term | Integral equations |
| 650 #0 - SUBJECT ADDED ENTRY--TOPICAL TERM | |
| Topical Term | Operator theory |
| 856 41 - ELECTRONIC LOCATION AND ACCESS | |
| Uniform Resource Identifier | http://rave.ohiolink.edu/ejournals/issn/0378620X/ |
| 942 ## - ADDED ENTRY ELEMENTS (KOHA) | |
| Koha item type | សៀវភៅភាសាអង់គ្លេស |
| 952 ## - LOCATION AND ITEM INFORMATION (KOHA) | |
| Withdrawn status [LOCAL, KOHA] | 0 |
| Permanent Location | Date acquired | Koha item type | Lost status | Shelving location | Barcode | Current Location | Full call number |
|---|---|---|---|---|---|---|---|
| Library Block A | 2017-08-15 | សៀវភៅភាសាអង់គ្លេស | A034 | A18245 | Library Block A | 510 BIR 1985 A034 Or. |